Kryštálové zlato

Bibliographic Details
New Title:Kus cukru
Other Authors: Ježovít, František (Publishing director)
Format: Journal
Language:Slovak
PhysicalDescription:1 č. 30 cm
Published: Trnava závodné zložky a vedenie podniku Trnavského cukrovaru 1954
Subjects:

MARC

LEADER 00000cas a2200000 a 4500
001 vtls010301486
003 SK-MaSNL
005 20260228163237.0
008 110810d19541954xo sr p 0 b0slo
040 |a SNK  |b slo  |c SNK  |e AACR2 
041 0 |a slo 
044 |a xo  |c SK 
072 7 |a 664  |x Potravinársky priemysel  |2 konspekt 
080 |a 664.1  |2 2011 
080 |a 664.1:005.71  |2 2011 
080 |a (085.3)  |2 2011 
245 0 0 |a Kryštálové zlato 
260 |a Trnava  |b závodné zložky a vedenie podniku Trnavského cukrovaru  |c 1954 
300 |a 1 č.  |c 30 cm 
310 |a 2x mesačne 
362 1 |a Vyšlo iba 1 číslo (dec. 1954)  |z Citované z: Bibliografia novín a časopisov vych. na Slov. 1945-60/M. Balúnová 
500 |a Ved. red.: František Ježovít 
580 |a Od r. 1955 pokračoval pod názvom Kus cukru 
650 0 7 |a cukrovarníctvo  |2 SNKPH  |9 21039 
650 0 7 |a cukrovary  |2 SNKPH  |9 31061 
655 7 |a podnikové periodiká  |2 SNKPH  |9 132333 
700 1 |a Ježovít, František  |4 pbd  |9 268910 
710 2 |a Trnavský cukrovar (Trnava, Slovensko)  |4 pbl  |9 268911 
785 0 0 |t Kus cukru  |w vtls010301508 
910 |a snk 
916 |a 1954 
999 |c 9082  |d 11012 
952 |0 0  |1 0  |4 0  |7 0  |a SNK  |b SNK  |d 2022-01-27  |f 1  |i snkII. 1679/55  |l 0  |o snkČSB 1033/1/1954  |p 17A0706223  |r 2026-02-21 20:02:30  |t len č. 1  |w 2026-02-21  |y PREZ 
952 |0 0  |1 0  |4 0  |7 0  |a SNK  |b SNK  |d 2022-01-27  |l 0  |o snkČSB 1033/1/1954 D1  |p 17A1461721  |r 2026-02-21 20:02:30  |t len č. 1  |w 2026-02-21  |y PREZ